00482nam a22001577a 450000500170000001000150001702000260003203500130005803700130007108200100008410000160009424501290011026000250023927000370026430000230030120160111123712.0 aENG-114387 a9788179981306c295.00 aEN-97919 bDBAD/PUB a158.1 aSudha, G.S. aPersonality development and human skills with cases, problems and helpful hints as per the syllabus of BBA /cby G.S. Sudha aJaipurbMalik c2013 a337,Chaura RastabJaipure302003 axv,397pc24cm(pbk)